Logo BPK

Biblioteka

Politechniki Koszalińskiej

Podstawy elektroniki. (Rekord nr 22124)

Szczegóły MARC
000 -ETYKIETA REKORDU
podpole kontrolne o stałej długości 00315nam a2200133 i 4500
001 - NUMER KONTROLNY REKORDU
pole kontrolne bg
040 ## - ŹRÓDŁO KATALOGOWANIA
Instytucja, która utworzyła rekord BPK
041 ## - KOD JĘZYKA
Kod języka tekstu pol
008 - POLE O STAŁEJ DŁUGOŚCI - DANE KONTROLNE
podpole kontrolne o stałej długości s pl f |000 0 pol
100 1# - NAZWA OSOBOWA
Nazwa osobowa WIELAND, J.
245 10 - TYTUŁ/ODPOWIEDZIALNOŚĆ
Tytuł Podstawy elektroniki.
Oznaczenie części/sekcji dzieła Cz. 2,
Tytuł części/sekcji dzieła Tranzystory /
Pozostałe elementy strefy tytułu i oznaczenia odpowiedzialności J. Wieland.
260 ## - STREFA ADRESU WYDAWNICZEGO
Miejsce wydania Gdynia,
Data publikacji, dystrybucji/powstania dokumentu 1983.
856 ## - LOKALIZACJA I DOSTĘP DO ELEKTRONICZNYCH DOKUMENTÓW ZDALNYCH
Link (URL) http://koha.tu.koszalin.pl/cgi-bin/koha/opac-detail.pl?biblionumber=22124
Tekst linku Katalog online BPK
942 ## - DODATKOWE ELEMENTY (KOHA)
Typ dokumentu Książka
Egzemplarze
Wycofany Status egzemplarza Uszkodzony Dostępność Lokalizacja stała Lokalizacja bieżąca Miejsce przechowywania Sygnatura Kod kreskowy Ostatnio wypożyczono Typ dokumentu
      Dostępny Biblioteka Politechniki Koszalińskiej Biblioteka Politechniki Koszalińskiej Wypożyczalnia BG 31080 01300017 18.06.2013 Książka
© 2023 Biblioteka Politechniki Koszalińskiej :: KOHA